| 000 | 01275cam a22003014a 4500 | ||
|---|---|---|---|
| 999 |
_c861 _d861 |
||
| 001 | 15466230 | ||
| 003 | GZU | ||
| 005 | 20200915121027.0 | ||
| 008 | 080926s2007 ohua b 001 0 eng | ||
| 010 | _a 2008277337 | ||
| 020 | _a9780324659184 | ||
| 020 | _a0324258704 | ||
| 040 |
_aDLC _cDLC _dDLC |
||
| 050 | 0 | 0 |
_aHG4026 _b.BRI 2004 |
| 100 | 1 |
_aBrigham, Eugene F., _d1930- _eauthor |
|
| 245 | 1 | 0 |
_aFundamentals of financial management / _cEugene F. Brigham, Joel F. Houston. |
| 250 | _aConsise 4th ed. | ||
| 260 |
_aMason, OH : _bThomson/South-Western, _cc2007. |
||
| 300 |
_a1 v. (various pagings) : _bill. ; _c30 cm. |
||
| 500 | _aThomson One access code card inserted to provide access to online resources: current and past company data, financial analyst data and forecasts, SEC disclosure statements, etc. | ||
| 504 | _aIncludes bibliographical references and index. | ||
| 650 | 0 |
_aCorporations _xFinance. |
|
| 700 | 1 |
_aHouston, Joel F. _eauthor |
|
| 856 | 4 | 2 |
_3Publisher description _uhttp://www.loc.gov/catdir/enhancements/fy1409/2008277337-d.html |
| 856 | 4 | 2 |
_3Contributor biographical information _uhttp://www.loc.gov/catdir/enhancements/fy1409/2008277337-b.html |
| 906 |
_a7 _bcbc _corigcop _d3 _encip _f20 _gy-gencatlg |
||
| 942 |
_2lcc _cBK _e4th ed. _h4026 _iBRI _kHG |
||